000 00572nam a2200193Ia 4500
005 20250326145002.0
008 250326s9999 xx 000 0 und d
020 _a81-7100-014-2
037 _aTextbook
040 _aFMSL
_beng
_cFMSL
041 _aeng
_2eng
084 _aX9B8(A):8 M7
_qFMSL
100 _aAhmad Nisar
_9299229
245 0 _aProblems and management of small scale and cottage industries
_cAhmad Nisar
260 _aNew Delhi
_bNew Delhi, Deep & Deep
_c1987
300 _a272p
942 _cTB
_hX9B8(A):8 M7
999 _c1305919
_d1305919